[Event "Sparkassen-Open A"]
[Site "Heusenstamm, Martinsee"]
[Date "2017.11.24"]
[Round "3.27"]
[White "Legde, Georg"]
[Black "Calvi, Stefan"]
[Result "1-0"]
[WhiteElo "2306"]
[BlackElo "2092"]
[PlyCount "105"]
[EventDate "2017.??.??"]
[WhiteTeam "Freibauer Mörlenbach"]
[BlackTeam "SF Frankfurt"]

1. Nf3 Nf6 2. c4 g6 3. Nc3 Bg7 4. g3 O-O 5. Bg2 d6 6. O-O Nc6 7. d4 e5 8. d5
Ne7 9. e4 Nh5 10. Bd2 a5 11. Rc1 f5 12. exf5 Bxf5 13. Ng5 Nf6 14. Re1 h6 15.
Ne6 Bxe6 16. dxe6 c6 17. c5 Nf5 18. Qb3 Qe7 19. cxd6 Qxd6 20. Be3 Nxe3 21. Rxe3
Rae8 22. Bh3 Re7 23. Rd1 Qc7 24. Qc2 Kh7 25. Qd3 h5 26. Ne4 Nxe4 27. Qxe4 Rd8
28. Rxd8 Qxd8 29. Rd3 Qb6 30. b3 Qb4 31. Qe2 Bf6 32. Qd1 c5 33. Rd8 c4 34. bxc4
Qxc4 35. Qd6 e4 36. Rd7 Qb4 37. Qf4 Bg7 38. Rxe7 Qxe7 39. Qxe4 Bf6 40. Bf1 Qb4
41. Qd5 b6 42. Bd3 Kg7 43. Qd7+ Qe7 44. Qc6 Bd4 45. Kg2 Bc5 46. f4 Qf6 47. Kf3
Qd4 48. Qd7+ Qxd7 49. exd7 Be7 50. Ke4 g5 51. Kd5 Kf6 52. Kc6 Ke6 53. Kc7 1-0

[Event "Sparkassen-Open A"]
[Site "Heusenstamm, Martinsee"]
[Date "2017.11.24"]
[Round "3.28"]
[White "Alber, Horst"]
[Black "Cichy, Michael"]
[Result "1-0"]
[WhiteElo "2293"]
[BlackElo "2078"]
[PlyCount "113"]
[EventDate "2017.??.??"]
[WhiteTeam "SK Marburg"]
[BlackTeam "SC BS Gliesmarode"]

1. d4 Nf6 2. c4 e6 3. g3 Bb4+ 4. Bd2 a5 5. Bg2 O-O 6. Bxb4 axb4 7. Nd2 d6 8.
Ngf3 c5 9. O-O Qc7 10. e4 e5 11. d5 Bg4 12. Qc2 Bxf3 13. Nxf3 Qe7 14. Nh4 g6
15. Qd3 Nbd7 16. a3 bxa3 17. Rxa3 Nh5 18. Rfa1 Rxa3 19. Rxa3 Rb8 20. Nf3 Qd8
21. Bh3 Nhf6 22. Nd2 Ra8 23. Rb3 b6 24. Ra3 Kg7 25. f3 Qb8 26. Qb3 Rxa3 27.
bxa3 Qa7 28. Nb1 Qa5 29. Nc3 Kf8 30. Kf2 Ke7 31. Ke2 Nb8 32. Kd1 Nbd7 33. Kc2
Qa6 34. Kb2 Qa5 35. Qb5 Qxb5+ 36. cxb5 Kd8 37. Nd1 Kc7 38. Ne3 Kd8 39. Nc4 Kc7
40. a4 Nb8 41. Kb3 Nfd7 42. Ka3 f6 43. Be6 Nf8 44. Bg8 Nbd7 45. g4 g5 46. Be6
Nb8 47. Bf5 Nbd7 48. Kb3 Nb8 49. a5 bxa5 50. Ka4 Nbd7 51. Kxa5 Nb8 52. b6+ Kd8
53. Nxd6 Nfd7 54. Bxh7 Ke7 55. Nc4 Ke8 56. Kb5 Ke7 57. Bf5 1-0

[Event "Sparkassen-Open A"]
[Site "Heusenstamm, Martinsee"]
[Date "2017.11.24"]
[Round "3.29"]
[White "Schnelting, Michael"]
[Black "Khanukov, Boris"]
[Result "0-1"]
[WhiteElo "2075"]
[BlackElo "2289"]
[PlyCount "102"]
[EventDate "2017.??.??"]
[WhiteTeam "SK Werne"]
[BlackTeam "Bahn-SC Wuppertal"]

1. g3 d5 2. Nf3 c6 3. Bg2 Bg4 4. c4 e6 5. b3 Nd7 6. Bb2 Ngf6 7. O-O Bd6 8. d3
O-O 9. Nbd2 Qe7 10. Qc2 e5 11. e4 d4 12. h3 Bxf3 13. Nxf3 Nh5 14. Bc1 g6 15.
Bh6 Ng7 16. Rae1 a5 17. Nh2 a4 18. Nf3 Bb4 19. Rb1 b5 20. Bd2 axb3 21. axb3
Bxd2 22. Qxd2 Ra3 23. cxb5 cxb5 24. Rfc1 Qd6 25. h4 Rfa8 26. Bh3 Ra2 27. Rc2
Rxc2 28. Qxc2 Nf8 29. Rc1 Ra3 30. Qc5 Qxc5 31. Rxc5 Rxb3 32. Nxe5 Nge6 33. Rd5
b4 34. Nc6 Rxd3 35. Nxb4 Rd1+ 36. Bf1 Kg7 37. Nd3 Kf6 38. Kg2 Rd2 39. Kg1 g5
40. Rf5+ Kg7 41. hxg5 Ng6 42. f4 Ne7 43. Rb5 Rc2 44. Rb7 Nc6 45. Rb2 Rc3 46.
Kf2 Na5 47. Ne5 Nc5 48. Bg2 Nc6 49. Rd2 Nxe5 50. fxe5 Nb3 51. Rb2 d3 0-1

[Event "Sparkassen-Open A"]
[Site "Heusenstamm, Martinsee"]
[Date "2017.11.24"]
[Round "3.30"]
[White "Kantane, Anna"]
[Black "Hess, Steffen"]
[Result "1/2-1/2"]
[WhiteElo "2263"]
[BlackElo "2027"]
[PlyCount "84"]
[EventDate "2017.??.??"]
[WhiteTeam "vereinslos"]
[BlackTeam "SC Groß-Zimmern"]

1. e4 e6 2. d4 d5 3. Nd2 Be7 4. e5 Nh6 5. Nb3 b6 6. Bxh6 gxh6 7. Qh5 Bf8 8. h4
Ba6 9. Rh3 Bxf1 10. Rf3 Qe7 11. Kxf1 Nd7 12. Ne2 Bg7 13. Re1 O-O 14. Nf4 Rae8
15. Qg4 Kh8 16. Nh5 f6 17. exf6 Nxf6 18. Qxg7+ Qxg7 19. Nxg7 Kxg7 20. Nc1 Ne4
21. Rxf8 Rxf8 22. Nd3 Rf6 23. c3 a5 24. f3 h5 25. Kg1 Nd6 26. Kh2 Nf5 27. Nf4
Kf7 28. Nxh5 Rh6 29. g4 Nxh4 30. Kg3 Ng6 31. Rh1 Ne7 32. g5 Rg6 33. Kg4 h6 34.
f4 Nf5 35. Nf6 Ne3+ 36. Kf3 hxg5 37. Nd7 Nc4 38. b3 g4+ 39. Kg3 Ke8 40. Rh7 Nd6
41. Ne5 Nf5+ 42. Kg2 Rg7 1/2-1/2

[Event "Sparkassen-Open A"]
[Site "Heusenstamm, Martinsee"]
[Date "2017.11.24"]
[Round "3.31"]
[White "Haag, Martin"]
[Black "Sandten, Ulrich"]
[Result "1/2-1/2"]
[WhiteElo "2243"]
[BlackElo "2068"]
[PlyCount "58"]
[EventDate "2017.??.??"]
[WhiteTeam "SC Bonn Beuel"]
[BlackTeam "VSG Offenbach"]

1. c4 e5 2. Nc3 d6 3. g3 Be7 4. Bg2 f5 5. d3 Nf6 6. e4 fxe4 7. dxe4 O-O 8. Nge2
c6 9. O-O a5 10. b3 Na6 11. h3 Be6 12. Be3 Nc5 13. Qc2 Nfd7 14. Rab1 Qb8 15.
Qd2 Nb6 16. Bg5 Bxg5 17. Qxg5 Qd8 18. Qd2 Qd7 19. Kh2 a4 20. Nc1 axb3 21. axb3
Rf6 22. h4 Raf8 23. Qe3 Qf7 24. f3 Bg4 25. Nd3 Bxf3 26. Nxc5 dxc5 27. Rxf3 Rxf3
28. Bxf3 Qxf3 29. Qxf3 Rxf3 1/2-1/2

[Event "Sparkassen-Open A"]
[Site "Heusenstamm, Martinsee"]
[Date "2017.11.24"]
[Round "3.32"]
[White "Prill, Daniel"]
[Black "Schlößner, Henrik"]
[Result "1/2-1/2"]
[WhiteElo "2234"]
[BlackElo "2059"]
[PlyCount "68"]
[EventDate "2017.??.??"]
[WhiteTeam "SC Heitersheim"]
[BlackTeam "SK Gründau"]

1. d4 Nf6 2. Nf3 g6 3. c4 Bg7 4. Nc3 O-O 5. e4 d6 6. Bd3 Nbd7 7. h3 e5 8. d5
Nc5 9. Bc2 a5 10. Be3 Nfd7 11. Qd2 f5 12. Bg5 Nf6 13. exf5 gxf5 14. Bh6 f4 15.
Bxg7 Kxg7 16. O-O-O Kh8 17. Ng5 Qe7 18. h4 Bg4 19. Rde1 Qd7 20. f3 Bf5 21. Kb1
b6 22. Nb5 Rac8 23. Rhg1 Nh5 24. Qc3 Ng3 25. Ka1 Na6 26. Ne4 Nb4 27. Bb1 Nxd5
28. cxd5 Qxb5 29. Nxg3 Bxb1 30. Kxb1 fxg3 31. Rxe5 dxe5 32. Qxe5+ Kg8 33. Qg5+
Kf7 34. Qf5+ Kg7 1/2-1/2

[Event "Sparkassen-Open A"]
[Site "Heusenstamm, Martinsee"]
[Date "2017.11.24"]
[Round "3.34"]
[White "Petiko, Nikolai"]
[Black "Meessen, Max"]
[Result "0-1"]
[WhiteElo "2064"]
[BlackElo "2193"]
[PlyCount "122"]
[EventDate "2017.??.??"]
[WhiteTeam "SV Breitenworbis"]
[BlackTeam "SK Oldenburg"]

1. d4 Nf6 2. Nf3 d5 3. e3 c5 4. dxc5 e6 5. b4 a5 6. c3 axb4 7. cxb4 b6 8. a4
bxc5 9. b5 Bd6 10. Bb2 Nbd7 11. Be2 O-O 12. Nbd2 Bb7 13. O-O Qc7 14. h3 e5 15.
Qc2 e4 16. Nh4 g6 17. Rfc1 Qd8 18. g3 Qe7 19. Ng2 Rac8 20. a5 d4 21. Bf1 d3 22.
Qa4 Bd5 23. Nf4 Bxf4 24. gxf4 Ne8 25. Bg2 Nd6 26. b6 c4 27. Qb4 Rc5 28. Qc3 f6
29. Ba3 Nb5 30. Qb4 c3 31. Rxc3 Nxc3 32. Qxc3 Rxc3 33. Bxe7 Rfc8 34. Bxe4 Bxe4
35. Nxe4 Rc1+ 36. Rxc1 Rxc1+ 37. Kg2 f5 38. Nd2 Rc2 39. Bb4 Ra2 40. Bc3 Rc2 41.
Bb4 Nb8 42. Nf3 Na6 43. Be1 Kf7 44. Nd2 Ke7 45. f3 Ra2 46. e4 Rxa5 47. Bh4+ Kd7
48. Kf2 Rb5 49. Ke3 Nb4 50. Nc4 fxe4 51. fxe4 Rh5 52. Ne5+ Kc8 53. Be7 Rxh3+
54. Kd2 Rh2+ 55. Kd1 Rh1+ 56. Kd2 Rh2+ 57. Kd1 Na2 58. Nxd3 Nc3+ 59. Kc1 Nxe4
60. Ne5 Kb8 61. Nc6+ Kb7 0-1

[Event "Sparkassen-Open A"]
[Site "Heusenstamm, Martinsee"]
[Date "2017.11.24"]
[Round "3.35"]
[White "Pauls, Wilhelm"]
[Black "Gülsen, Taylan"]
[Result "0-1"]
[WhiteElo "2054"]
[BlackElo "2171"]
[PlyCount "64"]
[EventDate "2017.??.??"]
[WhiteTeam "SG Kaarst"]
[BlackTeam "SG Niederkassel"]

1. e4 e5 2. Nf3 Nc6 3. Bb5 a6 4. Ba4 Nf6 5. O-O Be7 6. Re1 b5 7. Bb3 O-O 8. d4
exd4 9. e5 Ne8 10. Nxd4 Nxd4 11. Qxd4 d6 12. Bf4 Bb7 13. c3 c5 14. Qe3 dxe5 15.
Bxe5 Bd6 16. Bxd6 Qxd6 17. Nd2 Nf6 18. Nf1 Qc6 19. f3 Rad8 20. Ng3 Rfe8 21. Qf4
c4 22. Bc2 Qb6+ 23. Kf1 Nd5 24. Qh4 g6 25. Ne4 Kg7 26. Qf2 Qxf2+ 27. Kxf2 Nf4
28. Rad1 Bxe4 29. Bxe4 f5 30. Bc2 Rxd1 31. Rxe8 Rd2+ 32. Ke3 Re2+ 0-1

[Event "Sparkassen-Open A"]
[Site "Heusenstamm, Martinsee"]
[Date "2017.11.24"]
[Round "3.36"]
[White "Liard, Thibaud"]
[Black "Lesny, Florian"]
[Result "1-0"]
[WhiteElo "2169"]
[BlackElo "2041"]
[PlyCount "131"]
[EventDate "2017.??.??"]
[WhiteTeam "SG Porz"]
[BlackTeam "SK Niederbrechen"]

1. d4 d5 2. Bf4 Nf6 3. e3 e6 4. Nf3 c5 5. c3 Nc6 6. Nbd2 Bd6 7. Bg3 O-O 8. Bb5
Ne7 9. O-O Nf5 10. Bxd6 Nxd6 11. Bd3 b6 12. Ne5 Bb7 13. a4 Nfe4 14. a5 f6 15.
a6 Bc8 16. Nef3 Nxd2 17. Qxd2 c4 18. Bc2 b5 19. Qe2 Qb6 20. Nd2 Bxa6 21. e4
dxe4 22. Nxe4 Nxe4 23. Qxe4 f5 24. Qf4 Bb7 25. Bd1 a5 26. Bf3 Bxf3 27. Qxf3
Rad8 28. Rfe1 Rd5 29. h4 Rb8 30. h5 h6 31. Re3 Rf8 32. Rae1 Rd6 33. Qf4 Rf6 34.
Re5 b4 35. Qf3 Qd8 36. Qe2 Qc7 37. Rc5 Rc6 38. Qxc4 Rxc5 39. dxc5 bxc3 40. Qxc3
f4 41. Qc4 Qc6 42. Rd1 Rf5 43. Rd6 Qxc5 44. Qxe6+ Kh7 45. Qg6+ Kg8 46. Rd7 Qe5
47. Rxg7+ Qxg7 48. Qxf5 Qxb2 49. Qxa5 Qf6 50. Qd5+ Kg7 51. Qd7+ Kh8 52. Qg4 Kh7
53. Qf3 Qa1+ 54. Kh2 Qf6 55. Kh3 Qe5 56. Qd3+ Kh8 57. Qg6 Qc3+ 58. Kh4 Qd2 59.
Qxh6+ Kg8 60. Qe6+ Kh8 61. Qc8+ Kh7 62. Qb7+ Kh6 63. Qc6+ Kh7 64. Qf3 Qd6 65.
Qe4+ Kh8 66. Qe8+ 1-0

[Event "Sparkassen-Open A"]
[Site "Heusenstamm, Martinsee"]
[Date "2017.11.24"]
[Round "3.37"]
[White "Poschadel, Andreas Gregor"]
[Black "Merkel, Markus"]
[Result "0-1"]
[WhiteElo "1477"]
[BlackElo "2121"]
[PlyCount "68"]
[EventDate "2017.??.??"]
[WhiteTeam "Hamelner SV"]
[BlackTeam "SC Heitersheim"]

1. e4 c5 2. Nf3 e6 3. Bb5 a6 4. Be2 Nc6 5. O-O Nf6 6. Nc3 d6 7. d3 Be7 8. Ne1
d5 9. f4 b5 10. e5 Nd7 11. Nf3 O-O 12. Re1 f6 13. exf6 Bxf6 14. Bf1 b4 15. Ne2
e5 16. fxe5 Ndxe5 17. Nxe5 Bxe5 18. g3 Bg4 19. Qd2 Qf6 20. Nf4 g5 21. Nxd5 Bd4+
22. Ne3 Ne5 23. Bg2 Bh3 24. Bd5+ Kh8 25. Qe2 Rad8 26. Be4 Bg4 27. Qf1 Qe6 28.
Qg2 Bf3 29. Bxf3 Nxf3+ 30. Kf1 Nxe1+ 31. Kxe1 Bxe3 32. Bxe3 Qxe3+ 33. Kd1 Rf2
34. Qxf2 Qxf2 0-1

[Event "Sparkassen-Open A"]
[Site "Heusenstamm, Martinsee"]
[Date "2017.11.24"]
[Round "3.38"]
[White "Musiolik, David"]
[Black "Heinemann, Ernst"]
[Result "1-0"]
[WhiteElo "1958"]
[BlackElo "2157"]
[PlyCount "99"]
[EventDate "2017.??.??"]
[WhiteTeam "SC Ramstein"]
[BlackTeam "SK Oldenburg"]

1. e4 d5 2. exd5 Nf6 3. Nc3 g6 4. d4 Bg7 5. Bc4 Nbd7 6. Nf3 O-O 7. O-O Nb6 8.
Bb3 Nbxd5 9. Nxd5 Nxd5 10. Re1 c6 11. h3 b5 12. Qe2 e6 13. Bd2 Qb6 14. Bxd5
cxd5 15. Bb4 Rd8 16. Bc5 Qb7 17. Ne5 Bd7 18. a3 Be8 19. Qd2 a5 20. Nd3 Rdc8 21.
Qf4 Qc7 22. Qxc7 Rxc7 23. f4 Rcc8 24. Kf2 Bf8 25. b4 a4 26. g4 Bg7 27. Kf3 Bd7
28. Re2 Re8 29. h4 f5 30. g5 Rec8 31. h5 Ra6 32. Rh1 Be8 33. h6 Bf8 34. Bxf8
Kxf8 35. Nc5 Rd6 36. Nxe6+ Kf7 37. Nc5 Bc6 38. Rhe1 Re8 39. Nb7 Rxe2 40. Nxd6+
Ke6 41. Rxe2+ Kxd6 42. Re3 Bd7 43. Rc3 Bc6 44. Rc5 Bd7 45. Ke3 Bc6 46. c4 dxc4
47. d5 Be8 48. Rc8 Kd7 49. Rb8 Ke7 50. d6+ 1-0

[Event "Sparkassen-Open A"]
[Site "Heusenstamm, Martinsee"]
[Date "2017.11.24"]
[Round "3.39"]
[White "Gutman, Lev"]
[Black "Bastian, Ben"]
[Result "1-0"]
[WhiteElo "2410"]
[BlackElo "1675"]
[PlyCount "39"]
[EventDate "2017.??.??"]
[WhiteTeam "SV Lingen"]
[BlackTeam "SC Herborn"]

1. Nf3 Nf6 2. g3 d5 3. Bg2 g6 4. O-O Bg7 5. d4 O-O 6. c4 c6 7. Qb3 Nbd7 8. cxd5
cxd5 9. Nc3 Nb6 10. a4 a5 11. Bf4 Nh5 12. Bg5 Re8 13. Rac1 h6 14. Be3 e6 15.
Ne5 Nd7 16. Nb5 Rb8 17. f4 b6 18. Nc6 Qf6 19. Nxb8 Nxb8 20. Nd6 1-0

[Event "Sparkassen-Open A"]
[Site "Heusenstamm, Martinsee"]
[Date "2017.11.24"]
[Round "3.40"]
[White "Lagunow, Raphael"]
[Black "Seehaus, Bernhard"]
[Result "1-0"]
[WhiteElo "2385"]
[BlackElo "2008"]
[PlyCount "56"]
[EventDate "2017.??.??"]
[WhiteTeam "SK Zehlendorf"]
[BlackTeam "Schachforum Darmstadt"]

1. e4 d6 2. d4 Nf6 3. Nc3 c6 4. f4 Qa5 5. Bd2 e5 6. Nf3 exd4 7. Nxd4 Qb6 8. Nb3
g6 9. Qf3 Bg7 10. h3 Nbd7 11. O-O-O O-O 12. g4 a5 13. Be3 Qc7 14. a4 b5 15.
axb5 a4 16. Nd4 a3 17. bxc6 axb2+ 18. Kd2 Nc5 19. e5 dxe5 20. Ndb5 Qe7 21. fxe5
Qxe5 22. Bd3 Nxd3 23. cxd3 Ba6 24. g5 Nh5 25. d4 Qb8 26. c7 Qb6 27. Qd5 Bb7 28.
Qd6 Bxh1 1-0

[Event "Sparkassen-Open A"]
[Site "Heusenstamm, Martinsee"]
[Date "2017.11.24"]
[Round "3.41"]
[White "Berg, Klaus"]
[Black "Rettig, Helge"]
[Result "1-0"]
[WhiteElo "2340"]
[BlackElo "2005"]
[PlyCount "83"]
[EventDate "2017.??.??"]
[WhiteTeam "SG Turm Kiel"]
[BlackTeam "SF Verl"]

1. d4 Nf6 2. Bg5 e6 3. e4 c5 4. d5 d6 5. Nc3 Be7 6. Bb5+ Kf8 7. Nf3 e5 8. a4 h6
9. Be3 a6 10. Be2 b6 11. Nd2 Nbd7 12. O-O g6 13. f4 Kg7 14. Nc4 Ne8 15. Qd2 f6
16. Rab1 Rb8 17. fxe5 Nxe5 18. b4 Qc7 19. bxc5 dxc5 20. d6 Bxd6 21. Nd5 Nxc4
22. Bxc4 Qd8 23. Bf4 Be6 24. Rfd1 Bxf4 25. Qxf4 Qd6 26. Qe3 Qe5 27. Bxa6 Nd6
28. Nxb6 f5 29. a5 Nxe4 30. Bd3 Rhd8 31. Bxe4 Rxd1+ 32. Rxd1 fxe4 33. Nd7 Bxd7
34. Rxd7+ Kg8 35. Rd1 g5 36. a6 Re8 37. Qb3+ Kh8 38. Qb7 Rb8 39. Qc6 Qe7 40.
Qxh6+ Kg8 41. a7 Ra8 42. Rd5 1-0

[Event "Sparkassen-Open A"]
[Site "Heusenstamm, Martinsee"]
[Date "2017.11.24"]
[Round "3.43"]
[White "Osmanodja, Filiz"]
[Black "Wachsmann, Dietmar"]
[Result "1-0"]
[WhiteElo "2242"]
[BlackElo "1999"]
[PlyCount "77"]
[EventDate "2017.??.??"]
[WhiteTeam "USV TU Dresden"]
[BlackTeam "SC Groß-Umstadt"]

1. e4 c5 2. Nf3 e6 3. d4 cxd4 4. Nxd4 Nf6 5. Nc3 d6 6. Be2 Be7 7. O-O O-O 8.
Be3 Nc6 9. Kh1 Bd7 10. f4 Nxd4 11. Bxd4 Bc6 12. Bd3 Nd7 13. Qh5 g6 14. Qh3 e5
15. Be3 exf4 16. Bxf4 Ne5 17. Rad1 Bf6 18. Bb5 Qe7 19. Nd5 Bxd5 20. Rxd5 Rac8
21. c3 h5 22. Be2 Rfd8 23. Rfd1 Rc7 24. Qg3 Kh8 25. Qe3 a6 26. Qd2 Nc4 27. Bxc4
Rxc4 28. Bxd6 Qe6 29. Ba3 Re8 30. Rd6 Qe5 31. Qf2 Re6 32. Rxe6 fxe6 33. Bd6 Qg5
34. e5 Rf4 35. Qg3 Rg4 36. exf6 Rxg3 37. f7 Rd3 38. f8=Q+ Kh7 39. Rf1 1-0

[Event "Sparkassen-Open A"]
[Site "Heusenstamm, Martinsee"]
[Date "2017.11.24"]
[Round "3.44"]
[White "Färber, David"]
[Black "Perske, Paul"]
[Result "1-0"]
[WhiteElo "2211"]
[BlackElo "1968"]
[PlyCount "113"]
[EventDate "2017.??.??"]
[WhiteTeam "SV Walldorf"]
[BlackTeam "Vorw.Orient Mainz"]

1. e4 e5 2. Nf3 Nc6 3. Bb5 a6 4. Ba4 Nf6 5. O-O Be7 6. d3 b5 7. Bb3 d6 8. a3
O-O 9. Nc3 Bg4 10. Be3 Nd4 11. Bxd4 exd4 12. Nd5 c6 13. Nf4 Nh5 14. Nxh5 Bxh5
15. Kh1 Bg5 16. h3 Bxf3 17. Qxf3 Qf6 18. Qg4 Qf4 19. Qe2 Qd2 20. Qg4 Qf4 21.
Qd7 Bf6 22. Qxc6 Be5 23. g3 Qf3+ 24. Kh2 h5 25. Qd7 h4 26. Qg4 hxg3+ 27. fxg3
Qxg4 28. hxg4 g6 29. Kg2 Kg7 30. Rh1 Rh8 31. Rxh8 Rxh8 32. a4 Kf6 33. Rf1+ Kg5
34. Rxf7 bxa4 35. Bxa4 Rb8 36. Bb3 Kxg4 37. Ra7 Rb6 38. Be6+ Kg5 39. b3 Rc6 40.
Bc4 Kg4 41. Ra8 a5 42. Rxa5 Bxg3 43. Ra1 Bh4 44. b4 Rb6 45. b5 Kf4 46. Ra6 Bd8
47. Ra8 Bf6 48. Rg8 g5 49. Rf8 Ke5 50. Kg3 d5 51. Bxd5 Be7 52. Re8 Kf6 53. Bc4
Bd6+ 54. Kg4 Bf4 55. Rh8 Ke7 56. Rh7+ Kd6 57. Kf5 1-0

[Event "Sparkassen-Open A"]
[Site "Heusenstamm, Martinsee"]
[Date "2017.11.24"]
[Round "3.45"]
[White "Wolf, Ulrich Martin"]
[Black "Angermünde, Dirk"]
[Result "1-0"]
[WhiteElo "2189"]
[BlackElo "1989"]
[PlyCount "137"]
[EventDate "2017.??.??"]
[WhiteTeam "SC Hansa Dortmund"]
[BlackTeam "SF Gerresheim"]

1. d4 e6 2. Nf3 Nf6 3. c4 c5 4. Nc3 cxd4 5. Nxd4 Nc6 6. Nc2 Be7 7. e4 d6 8. Be2
O-O 9. O-O a6 10. Be3 Qc7 11. Qd2 Rd8 12. Rfd1 Bd7 13. f3 Ne5 14. Na3 Bc6 15.
Rac1 Rd7 16. Nd5 Bxd5 17. cxd5 Qd8 18. dxe6 fxe6 19. Nc4 Nxc4 20. Bxc4 d5 21.
Bb3 Kf8 22. e5 Ne8 23. Bd4 Rc8 24. Qf4+ Kg8 25. Qg4 Kf7 26. Qh5+ Kf8 27. Qxh7
Rxc1 28. Rxc1 Rc7 29. Rc2 Rxc2 30. Qxc2 Qa5 31. Kf2 b6 32. Qc3 Bb4 33. Qe3 Bd2
34. Qd3 Bb4 35. Ke2 Bc5 36. Bc3 Bb4 37. Bd4 Bc5 38. a3 Bxd4 39. Qxd4 Qb5+ 40.
Qd3 Qc5 41. Qe3 Qb5+ 42. Kd2 Qf1 43. Qe2 Qb1 44. Kc3 Nc7 45. a4 Qc1+ 46. Bc2 b5
47. Qf2 d4+ 48. Qxd4 Nd5+ 49. Kb3 bxa4+ 50. Qxa4 Qe3+ 51. Ka2 Qxe5 52. Be4 Qd6
53. Qa3 Ke7 54. Qxd6+ Kxd6 55. Kb3 Kc5 56. g3 Kd4 57. h4 Nf6 58. Bc6 Nh5 59. g4
Nf4 60. Be4 Nd5 61. Ka4 Ne3 62. Bb7 a5 63. h5 Ke5 64. b3 Kf4 65. Kxa5 Nd5 66.
b4 Kxf3 67. b5 Kxg4 68. Bxd5 exd5 69. b6 1-0

[Event "Sparkassen-Open A"]
[Site "Heusenstamm, Martinsee"]
[Date "2017.11.24"]
[Round "3.46"]
[White "Englert, Jon"]
[Black "Hebbering, Tom Elliot"]
[Result "0-1"]
[WhiteElo "2002"]
[BlackElo "2184"]
[PlyCount "56"]
[EventDate "2017.??.??"]
[WhiteTeam "TV-Großostheim"]
[BlackTeam "SK Gernsheim"]

1. e4 c5 2. Nf3 e6 3. d3 Nc6 4. g3 d5 5. Nbd2 Nf6 6. Bg2 Be7 7. O-O b6 8. Re1
Bb7 9. Nf1 dxe4 10. dxe4 Qxd1 11. Rxd1 Nxe4 12. Bf4 Nf6 13. Ne5 Nd5 14. Bxd5
exd5 15. Rxd5 Nd4 16. Ne3 f6 17. Rd7 Be4 18. Nd5 Bxd5 19. Rxd5 fxe5 20. Bxe5
Nf3+ 21. Kg2 Nxe5 22. Rxe5 Kf7 23. c4 Bf6 24. Re2 Rhe8 25. Rae1 Rxe2 26. Rxe2
Re8 27. Rd2 Rd8 28. Re2 a5 0-1

[Event "Sparkassen-Open A"]
[Site "Heusenstamm, Martinsee"]
[Date "2017.11.24"]
[Round "3.47"]
[White "Skarke, Harald"]
[Black "Hilzinger, Markus"]
[Result "0-1"]
[WhiteElo "1988"]
[BlackElo "2134"]
[PlyCount "106"]
[EventDate "2017.??.??"]
[WhiteTeam "SF Neuberg"]
[BlackTeam "SC Pforzheim"]

1. e4 c5 2. c4 Nc6 3. Nc3 g6 4. f4 Bg7 5. Nf3 e6 6. Be2 Nge7 7. d3 O-O 8. O-O
d6 9. Qe1 Nd4 10. Bd1 Nec6 11. Nxd4 Nxd4 12. Kh1 Bd7 13. Ne2 b5 14. Nxd4 Bxd4
15. Rb1 Rb8 16. b3 d5 17. cxd5 exd5 18. Bf3 Re8 19. Bd2 Bc6 20. f5 Rb7 21. fxg6
fxg6 22. Qg3 dxe4 23. dxe4 Bxe4 24. Bxe4 Rxe4 25. Qf3 Qe8 26. Bh6 Rf7 27. Qd3
Rxf1+ 28. Rxf1 Re1 29. Qf3 Rxf1+ 30. Qxf1 Bg7 31. Bxg7 Kxg7 32. h3 Qc6 33. Qe2
Kf7 34. Qf2+ Ke6 35. Qe3+ Kd6 36. Qf4+ Ke6 37. Qg4+ Kf7 38. Qf4+ Kg7 39. Qe5+
Kh6 40. Qf4+ g5 41. Qf8+ Kg6 42. Qg8+ Kf5 43. Qxh7+ Kf4 44. Qf7+ Kg3 45. Qf1
Qe4 46. Qg1 c4 47. bxc4 bxc4 48. Qh2+ Kf2 49. Qg1+ Ke2 50. Qc1 Qd3 51. Qb2+ Kd1
52. Qa1+ Kc2 53. a4 Qd1+ 0-1

[Event "Sparkassen-Open A"]
[Site "Heusenstamm, Martinsee"]
[Date "2017.11.24"]
[Round "3.48"]
[White "Zimmermann, Rolf"]
[Black "Kolker, Vladislav"]
[Result "1/2-1/2"]
[WhiteElo "2178"]
[BlackElo "1985"]
[PlyCount "30"]
[EventDate "2017.??.??"]
[WhiteTeam "SC Tornado Hochneukirch"]
[BlackTeam "SC Bad Nauheim"]

1. c4 g6 2. Nc3 Bg7 3. d4 d6 4. e4 Nf6 5. f3 O-O 6. Be3 Nc6 7. Bd3 e5 8. d5 Nd4
9. Nge2 Nd7 10. Rc1 c5 11. dxc6 bxc6 12. Bb1 c5 13. Nd5 Nb6 14. Nxb6 Qxb6 15.
Nc3 Qxb2 1/2-1/2

[Event "Sparkassen-Open A"]
[Site "Heusenstamm, Martinsee"]
[Date "2017.11.24"]
[Round "3.49"]
[White "Meyner, Hannes"]
[Black "Schmitt, Carsten"]
[Result "1-0"]
[WhiteElo "2159"]
[BlackElo "1962"]
[PlyCount "47"]
[EventDate "2017.??.??"]
[WhiteTeam "TG Wehlheiden"]
[BlackTeam "SV Bergwinkel"]

1. d4 d5 2. c4 e6 3. Nf3 c5 4. cxd5 exd5 5. g3 Nf6 6. Bg2 Be7 7. O-O O-O 8. a3
c4 9. b3 cxb3 10. Qxb3 Nc6 11. Nc3 Na5 12. Qa2 b6 13. Ne5 Bb7 14. Bg5 Re8 15.
Rac1 Ne4 16. Nxe4 Bxg5 17. Nxg5 Qxg5 18. Bxd5 Bxd5 19. Qxd5 Qe7 20. e3 Rad8 21.
Qa2 Rd6 22. Rc3 Rh6 23. Rfc1 Kf8 24. Rc7 1-0

[Event "Sparkassen-Open A"]
[Site "Heusenstamm, Martinsee"]
[Date "2017.11.24"]
[Round "3.50"]
[White "Gentner, Markus"]
[Black "Dietze, Frank"]
[Result "0-1"]
[WhiteElo "1978"]
[BlackElo "2154"]
[PlyCount "124"]
[EventDate "2017.??.??"]
[WhiteTeam "SC Murrhardt"]
[BlackTeam "vereinslos"]

1. Nf3 Nf6 2. c4 g6 3. b4 Bg7 4. Bb2 O-O 5. e3 d6 6. Be2 e5 7. d3 Re8 8. Nbd2
Nbd7 9. O-O h6 10. Qc2 c6 11. Nb3 Qe7 12. Bc3 d5 13. Rfe1 e4 14. dxe4 dxe4 15.
Nfd2 b6 16. a4 c5 17. a5 cxb4 18. Bd4 Bb7 19. axb6 axb6 20. Qb2 Nc5 21. Rxa8
Rxa8 22. Ra1 Na4 23. Qc2 Bc6 24. Bf1 h5 25. h3 Rc8 26. Rb1 Ra8 27. Ra1 Re8 28.
Rb1 Bf8 29. Nc1 Nd7 30. Na2 Nac5 31. Nxb4 Qe6 32. Ra1 Bb7 33. Ra7 Rb8 34. Qb2
Bd6 35. Nb1 Re8 36. Nc3 Bb8 37. Ra1 Ne5 38. Nbd5 Bxd5 39. Nxd5 Ncd7 40. Ra6 Qd6
41. g3 Re6 42. Be2 h4 43. Nf4 Re8 44. Qb5 Bc7 45. c5 Qf8 46. cxb6 Bb8 47. Nd5
Re6 48. Nc7 Re7 49. g4 Qc8 50. Ra3 Qb7 51. Nd5 Re6 52. Rb3 Nc6 53. Bb2 Be5 54.
Bc4 Bxb2 55. Rxb2 Nde5 56. Nf4 Rd6 57. Nd5 Qd7 58. Nc3 Nf3+ 59. Kg2 Rd1 60.
Nxd1 Qd6 61. Qd5 Qh2+ 62. Kf1 Qg1+ 0-1

[Event "Sparkassen-Open A"]
[Site "Heusenstamm, Martinsee"]
[Date "2017.11.24"]
[Round "3.51"]
[White "Hoppe, Thilo"]
[Black "Altenbernd, Jannis-Domenik"]
[Result "1/2-1/2"]
[WhiteElo "2128"]
[BlackElo "1958"]
[PlyCount "83"]
[EventDate "2017.??.??"]
[WhiteTeam "SC Bonn Beuel"]
[BlackTeam "SG Bünde"]

1. d4 d6 2. c4 e5 3. Nf3 Nc6 4. Nc3 exd4 5. Nxd4 Nxd4 6. Qxd4 Be6 7. e4 Ne7 8.
Bf4 Nc6 9. Qd2 Be7 10. Be2 O-O 11. O-O Bf6 12. Nd5 Bd4 13. Rad1 a5 14. Kh1 Bc5
15. Bg5 f6 16. Bh4 Bf7 17. b3 Ne7 18. Qc3 Nxd5 19. cxd5 Bg6 20. Bd3 Qd7 21. f4
Bb4 22. Qc2 Rac8 23. Qe2 Rfe8 24. f5 Bf7 25. Qg4 Kh8 26. a4 Bc3 27. Rc1 Be5 28.
Be1 c6 29. Bxa5 Rg8 30. Bc4 cxd5 31. Bxd5 Bxd5 32. exd5 g6 33. Qf3 gxf5 34. g3
Qf7 35. Bd2 Qd7 36. Qxf5 Qxf5 37. Rxf5 Rxc1+ 38. Bxc1 Rc8 39. Bf4 Kg7 40. Bxe5
dxe5 41. Rf2 Kf7 42. Kg2 1/2-1/2

[Event "Sparkassen-Open A"]
[Site "Heusenstamm, Martinsee"]
[Date "2017.11.24"]
[Round "3.52"]
[White "Berberich, Christoph"]
[Black "Olesiak, Marcin"]
[Result "1/2-1/2"]
[WhiteElo "1958"]
[BlackElo "2059"]
[PlyCount "60"]
[EventDate "2017.??.??"]
[WhiteTeam "SGEM Dreisamtal"]
[BlackTeam "SV Oberursel"]

1. d4 Nf6 2. Nf3 e6 3. c4 c5 4. e3 d5 5. Nc3 Nc6 6. a3 cxd4 7. exd4 dxc4 8.
Bxc4 Be7 9. O-O O-O 10. d5 exd5 11. Nxd5 Nxd5 12. Qxd5 Qxd5 13. Bxd5 Bf6 14.
Re1 Bf5 15. Be4 Bxe4 16. Rxe4 Rfe8 17. Rxe8+ Rxe8 18. Kf1 Nd4 19. Nxd4 Bxd4 20.
Be3 Bxe3 21. Re1 f5 22. fxe3 Kf7 23. Kf2 Rc8 24. Re2 Ke6 25. h4 Ke5 26. Kf3 Rc1
27. g3 h6 28. e4 fxe4+ 29. Rxe4+ Kf6 30. Rb4 b6 1/2-1/2